00684nam a2200181 4500001000700000003000900007005001700016007000300033008004100036100003000077245010500107260006700212300002200279700002800301852003200329999001900361952012200380144066ES-MaACL20230906200933.0t|070214s1966 sp r ||||1| spa d1 aSimonet, André.910656913aEl sacerdote diocesano en la Iglesia / cAndré Simonet ; [traducción... Antonio M. Moya, O. P.]. aSalamanca : bSígueme, c1966 (eAvila : fSenén Martín) a190 p. ; c19 cm.1 aMoya, Antonio M.983948 aES-MaACLjC-54121 bR.81860 c144066d144066 00104070aATENEOMbATENEOMcDEPO2d2008-01-17eSCl0oC-54121p1149890r2023-02-23 00:00:00w2023-02-23yMONOGRAFIA